000 00734nam a2200241Ia 4500
003 OSt
005 20220926043807.0
006 a|||||r|||| 00| 0
007 ta
008 220923b |||||||| |||| 00| 0 eng d
037 _cGeneral Book
040 _aRTL
_cRTL
_beng
041 _2eng
_aeng
082 _aY1:45, K0
100 _aCloward Richard A
_9118159
245 0 _aDelinquency and opportunity
_b A theory of delinque
260 _c1960
490 _aInternational library of sociology and social reconstruction, ed by W J H Sprott
650 _aSocial Crime
_9233199
700 _a Ohlin Lloyd E
_9348226
942 _hY1:45, K0
_cGB
_2CC
999 _c673186
_d673186